00863 2200313 4500001002100000005001500021035002000036007000300056008004100059020002200100082001000122084001700132100001300149245012100162250001000283260003100293300001600324504008300340650002100423990001300444990000900457990000900466990000900475990001300484990001300497990001300510990001300523990001300536INLIS00000000000753320211201025229 a0010-1221000031ta211201 g 0 ind  a978-602-03-1152-4 a920.1 a920.1 AGO a0 aAGOES MD1 aANTON S. SOEDARSONO MENERJANG BADAI :bDari menolak menjadi direktur pertamina hingga menjadi ceo bakrie /cAGOES MD acet.1 aJakarta :bGramedia,c2020 a346 ;c14cm aAnton hanyalah manusia biasa bukan gebernur menteri atau pejabat tinggi apapun 4aAhli Bibliografi a022.6934 a4469 a4470 a4471 a022.5780 a022.5779 a022.5778 a022.6932 a022.6933